[Event "Cartagena Bolivar Cup"]
[Site "Cartagena"]
[Date "2019.04.26"]
[Round "8"]
[White "Lora, Joel Fernando"]
[Black "Gomez Guardo, Cristian"]
[Result "1-0"]
[WhiteElo "2160"]
[BlackElo "1930"]
[PlyCount "145"]
[EventDate "2019.04.22"]
[EventType "swiss"]
[EventRounds "14"]
[EventCountry "COL"]
[SourceTitle "CBM 190 Extra"]
[Source "ChessBase"]
[SourceDate "2019.07.15"]
[SourceVersion "1"]
[SourceVersionDate "2019.07.15"]
[SourceQuality "1"]

1. e4 d6 2. d4 Nf6 3. Nc3 g6 4. f3 Bg7 5. Be3 Nbd7 6. Qd2 e5 7. d5 a6 8. a4 h6 9. Nge2 Nb6 10. b3 Bd7 11. g3 Nc8 12. Nd1 c5 13. a5 Nh5 14. c3 f5 15. Bg2 Qf6 16. 0-0 Qf7 17. Nf2 Ne7 18. f4 exf4 19. Nxf4 Nxf4 20. Bxf4 Qf6 21. Rac1 g5 22. Be3 0-0 23. exf5 Nxf5 24. Ne4 Qg6 25. Bf2 Rae8 26. Rfe1 Be5 27. b4 c4 28. Qa2 Bb5 29. Nd2 Rc8 30. Be4 Qg7 31. Qc2 Ne7 32. Nf3 Kh8 33. Nxe5 dxe5 34. Bc5 Rf6 35. Rf1 Rcf8 36. Qe2 R8f7 37. Rxf6 Rxf6 38. Rf1 Qf7 39. Rxf6 Qxf6 40. Qg4 Qf7 41. Bd6 Ng6 42. Qh5 Kg7 43. Bxg6 Qxg6 44. Bxe5+ Kh7 45. Qxg6+ Kxg6 46. Kf2 Kf5 47. Bg7 Ke4 48. g4 Kd3 49. Kf3 Be8 50. h3 Bf7 51. d6 Bd5+ 52. Kf2 Bc6 53. Ke1 Ba4 54. Bd4 Be8 55. Bg7 Ba4 56. Bf6 Bd7 57. Bg7 Ba4 58. Bxh6 Kxc3 59. Bxg5 Kd4 60. Bf6+ Kd5 61. Ke2 Kxd6 62. Ke3 Ke6 63. Bc3 Kf7 64. Kf4 Bd7 65. h4 Kg6 66. Bd2 Ba4 67. h5+ Kg7 68. Bc3+ Kh6 69. Bd2 Bd1 70. Kf5+ Kg7 71. Kg5 Be2 72. Bc3+ Kh7 73. Kh4 1-0

[Event "Cartagena Bolivar Cup"]
[Site "Cartagena"]
[Date "2019.04.24"]
[Round "4"]
[White "Torres Cueto, Jesus Marcial"]
[Black "Gomez Guardo, Cristian"]
[Result "0-1"]
[WhiteElo "2219"]
[BlackElo "1930"]
[PlyCount "95"]
[EventDate "2019.04.22"]
[EventType "swiss"]
[EventRounds "14"]
[EventCountry "COL"]
[SourceTitle "CBM 190 Extra"]
[Source "ChessBase"]
[SourceDate "2019.07.15"]
[SourceVersion "1"]
[SourceVersionDate "2019.07.15"]
[SourceQuality "1"]

1. d4 Nf6 2. c4 d6 3. Nf3 g6 4. h3 Bg7 5. Nc3 0-0 6. e4 c5 7. Be3 b6 8. d5 Nbd7 9. Be2 Ne8 10. Qc2 Ne5 11. Nd2 f5 12. f3 f4 13. Bf2 Nf6 14. Nf1 Nh5 15. Nh2 Bd7 16. Ng4 Qe8 17. a3 Qf7 18. Rb1 Rac8 19. Bd3 e6 20. dxe6 Bxe6 21. Nd5 Rfe8 22. 0-0 Bxd5 23. cxd5 Qe7 24. b3 Qg5 25. Rbe1 Nxg4 26. fxg4 Ng3 27. Bxg3 fxg3 28. Kh1 Bd4 29. Bb5 Rf8 30. Rf3 Bf2 31. Re2 Rxf3 32. gxf3 Rf8 33. Kg2 Qf6 34. Rxf2 gxf2 35. Qxf2 g5 36. h4 Qc3 37. Bd7 h6 38. hxg5 hxg5 39. Bf5 Kg7 40. e5 Qxe5 41. Qd2 Kf6 42. Bh7 Re8 43. Qd3 Qe2+ 44. Kg3 Qxd3 45. Bxd3 Re3 46. Bc4 Ke5 47. a4 Rc3 48. Kg2 0-1

[Event "COL-ch U2000"]
[Site "Pereira"]
[Date "2019.03.22"]
[Round "2"]
[White "Benjumea, David"]
[Black "Gomez Guardo, Cristian"]
[Result "0-1"]
[WhiteElo "1763"]
[BlackElo "1930"]
[PlyCount "74"]
[EventDate "2019.03.21"]
[EventType "swiss"]
[EventRounds "9"]
[EventCountry "COL"]
[SourceTitle "CBM 189 Extra"]
[Source "ChessBase"]
[SourceDate "2019.06.03"]
[SourceVersion "1"]
[SourceVersionDate "2019.06.03"]
[SourceQuality "1"]

1. e4 d6 2. d4 Nf6 3. Nc3 g6 4. Be3 Bg7 5. Qd2 Ng4 6. Bf4 e5 7. dxe5 Nxe5 8. Bh6 Bf6 9. Nd5 Be6 10. Nxf6+ Qxf6 11. Bg5 Qg7 12. Bh6 Qf6 13. Bg5 Qg7 14. Qb4 b6 15. Bb5+ Bd7 16. a4 0-0 17. Qd2 Re8 18. f3 Bxb5 19. axb5 Nc4 20. Qc3 Qxc3+ 21. bxc3 f5 22. Nh3 fxe4 23. 0-0 Nd7 24. Ra4 d5 25. fxe4 Nc5 26. Raa1 Nxe4 27. Bh6 Nxc3 28. Ng5 Ne4 29. Nxe4 dxe4 30. Rf4 Nd6 31. c4 Nf5 32. Bg5 Re6 33. g4 Nd4 34. Kg2 Nf3 35. Bh6 g5 36. Rxa7 Rae8 37. Rf5 Nh4+ 0-1

[Event "COL-ch U2000"]
[Site "Pereira"]
[Date "2019.03.22"]
[Round "3"]
[White "Gomez Guardo, Cristian"]
[Black "Romero Mora, Elvert"]
[Result "1-0"]
[WhiteElo "1930"]
[BlackElo "1882"]
[PlyCount "101"]
[EventDate "2019.03.21"]
[EventType "swiss"]
[EventRounds "9"]
[EventCountry "COL"]
[SourceTitle "CBM 189 Extra"]
[Source "ChessBase"]
[SourceDate "2019.06.03"]
[SourceVersion "1"]
[SourceVersionDate "2019.06.03"]
[SourceQuality "1"]

1. d4 e6 2. c4 d5 3. Nc3 c6 4. e3 f5 5. Nf3 Nf6 6. Bd3 Bd6 7. cxd5 exd5 8. Nh4 g6 9. f4 Qe7 10. Nf3 Bxf4 11. Qe2 Bd6 12. 0-0 0-0 13. Bd2 Nbd7 14. Rae1 Ne4 15. Bc1 Ndf6 16. Qc2 Bd7 17. a3 Rae8 18. b4 Nxc3 19. Qxc3 Ne4 20. Qb3 a6 21. g3 Bc8 22. Qa2 Qc7 23. Qb2 Re7 24. a4 Rfe8 25. b5 axb5 26. axb5 Nf6 27. Re2 Ng4 28. b6 Qb8 29. Kg2 Nxe3+ 30. Bxe3 Rxe3 31. Rxe3 Rxe3 32. Qd2 Re8 33. Nh4 Bf8 34. g4 f4 35. h3 Qd6 36. Nf3 Bg7 37. Qc2 Re3 38. Rf2 Qe6 39. Kh2 Qe7 40. Qb1 Bf6 41. Qd1 Bd7 42. Ra2 c5 43. dxc5 Bc6 44. Ra8+ Kg7 45. Bf1 Qe4 46. Bg2 d4 47. Rc8 Re2 48. Rc7+ Kh6 49. g5+ Bxg5 50. Rxh7+ Kxh7 51. Nxg5+ 1-0

[Event "COL-ch U20"]
[Site "Bogota"]
[Date "2017.03.19"]
[Round "7"]
[White "Gomez Guardo, Cristian"]
[Black "Soto, Miguel Angel"]
[Result "1/2-1/2"]
[WhiteElo "1935"]
[BlackElo "2131"]
[PlyCount "44"]
[EventDate "2017.03.16"]
[EventType "swiss"]
[EventRounds "7"]
[EventCountry "COL"]
[SourceTitle "CBM 177 Extra"]
[Source "ChessBase"]
[SourceDate "2017.04.27"]
[SourceVersion "1"]
[SourceVersionDate "2017.04.27"]
[SourceQuality "1"]

1. d4 Nf6 2. c4 g6 3. Nc3 Bg7 4. g3 0-0 5. Bg2 d6 6. Nf3 Nbd7 7. e4 e5 8. 0-0 c6 9. d5 c5 10. Bg5 h6 11. Bd2 Rb8 12. a4 a6 13. Qc2 Ne8 14. Nh4 Nc7 15. Qd3 Kh7 16. Be1 Nf6 17. f4 Nfe8 18. f5 g5 19. Nf3 Bd7 20. g4 b5 21. axb5 axb5 22. b3 b4 1/2-1/2

[Event "COL pre olympic sf2"]
[Site "Cartagena"]
[Date "2016.05.06"]
[Round "5"]
[White "Gomez Guardo, Cristian"]
[Black "Cespedes, Cesar Ivan"]
[Result "0-1"]
[WhiteElo "1927"]
[BlackElo "2093"]
[PlyCount "42"]
[EventDate "2016.05.04"]
[EventType "swiss"]
[EventRounds "9"]
[EventCountry "COL"]
[SourceTitle "CBM 172 Extra"]
[Source "ChessBase"]
[SourceDate "2016.06.21"]
[SourceVersion "1"]
[SourceVersionDate "2016.06.21"]
[SourceQuality "1"]

1. d4 Nf6 2. c4 e6 3. Nc3 d5 4. c5 b6 5. b4 a5 6. Ba3 axb4 7. Bxb4 bxc5 8. Bxc5 Bxc5 9. dxc5 c6 10. e3 Qa5 11. Qd2 Nbd7 12. f3 Nxc5 13. Rc1 Ncd7 14. Nh3 0-0 15. Be2 c5 16. 0-0 e5 17. Qc2 d4 18. Ne4 Qxa2 19. Nxf6+ Nxf6 20. exd4 Qxc2 21. Rxc2 Bxh3 0-1

[Event "COL pre olympic sf2"]
[Site "Cartagena"]
[Date "2016.05.04"]
[Round "1"]
[White "Vittorino, Carlo Giovanni"]
[Black "Gomez Guardo, Cristian"]
[Result "1-0"]
[WhiteElo "2267"]
[BlackElo "1927"]
[PlyCount "63"]
[EventDate "2016.05.04"]
[EventType "swiss"]
[EventRounds "9"]
[EventCountry "COL"]
[SourceTitle "CBM 172 Extra"]
[Source "ChessBase"]
[SourceDate "2016.06.21"]
[SourceVersion "1"]
[SourceVersionDate "2016.06.21"]
[SourceQuality "1"]

1. d4 d6 2. e4 Nf6 3. f3 g6 4. c4 Bg7 5. Nc3 0-0 6. Nge2 e5 7. Bg5 c6 8. Qd2 Be6 9. d5 cxd5 10. cxd5 Bd7 11. g4 Qc8 12. h4 Na6 13. Ng3 Rb8 14. Be3 b6 15. h5 Nc5 16. Nb5 Bxb5 17. Bxb5 Nxg4 18. fxg4 Qxg4 19. Qg2 Nxe4 20. Qxe4 Qxg3+ 21. Bf2 Qf4 22. Qxf4 exf4 23. 0-0-0 h6 24. Rhe1 Rb7 25. Bd4 g5 26. Bxg7 Kxg7 27. Kd2 Rc7 28. Bc6 Kf6 29. Re4 Re7 30. Rxe7 Kxe7 31. Re1+ Kf6 32. Re4 1-0

[Event "COL-ch U20"]
[Site "Medellin"]
[Date "2016.03.18"]
[Round "5"]
[White "Gomez Guardo, Cristian"]
[Black "Toro Castaneda, Miguel Angel"]
[Result "1-0"]
[WhiteElo "1969"]
[BlackElo "1631"]
[PlyCount "57"]
[EventDate "2016.03.16"]
[EventType "swiss"]
[EventRounds "7"]
[EventCountry "COL"]
[SourceTitle "CBM 171 Extra"]
[Source "ChessBase"]
[SourceDate "2016.04.26"]
[SourceVersion "1"]
[SourceVersionDate "2016.04.26"]
[SourceQuality "1"]

1. d4 Nf6 2. c4 g6 3. Nc3 Bg7 4. Nf3 0-0 5. g3 d6 6. Bg2 Nbd7 7. 0-0 e5 8. e4 c6 9. Qc2 Qc7 10. dxe5 dxe5 11. b4 Re8 12. Bb2 Nf8 13. Nd1 Ne6 14. Bxe5 Qe7 15. c5 Ng5 16. Bb2 Qxe4 17. Qc3 Bh3 18. Bxh3 Nxf3+ 19. Kh1 Ng5+ 20. Bg2 Qe6 21. Ne3 Nh5 22. Qc2 Bxb2 23. Qxb2 Rad8 24. Rae1 Qc8 25. f4 Ne6 26. Nc4 Qc7 27. Nd6 Re7 28. f5 Neg7 29. Rxe7 1-0

[Event "Medellin Flores op 22nd"]
[Site "Medellin"]
[Date "2015.08.08"]
[Round "7"]
[White "Gomez Guardo, Cristian"]
[Black "Agudelo, Carlos Hernan"]
[Result "1-0"]
[WhiteElo "1899"]
[BlackElo "2077"]
[PlyCount "83"]
[EventDate "2015.08.05"]
[EventType "swiss"]
[EventRounds "9"]
[EventCountry "COL"]
[SourceTitle "EXT 2016"]
[Source "ChessBase"]
[SourceDate "2015.10.08"]
[SourceVersion "1"]
[SourceVersionDate "2015.10.08"]
[SourceQuality "1"]

1. d4 c5 2. d5 Nf6 3. c4 g6 4. g3 e6 5. Nc3 exd5 6. cxd5 d6 7. Bg2 Bg7 8. e4 0-0 9. Nge2 Na6 10. 0-0 Nc7 11. a3 b5 12. b4 c4 13. Nd4 Bd7 14. f3 Re8 15. Re1 Qe7 16. Be3 a6 17. Rc1 a5 18. Qd2 Ra6 19. a4 axb4 20. Ncxb5 Nxb5 21. axb5 c3 22. Qd3 Ra4 23. Qc4 Rea8 24. Rb1 Ne8 25. Rxb4 Rxb4 26. Qxb4 Bxd4 27. Bxd4 c2 28. Bb2 f6 29. Rc1 Rb8 30. b6 Nc7 31. Rxc2 Na6 32. Qa5 Nc5 33. Qa7 Qd8 34. Bxf6 Qf8 35. Rxc5 dxc5 36. Be5 Rd8 37. b7 c4 38. b8Q Rxb8 39. Qxb8 Be8 40. Qd6 Qxd6 41. Bxd6 c3 42. Ba3 1-0

[Event "Mosquera op"]
[Site "Mosquera"]
[Date "2014.11.01"]
[Round "4"]
[White "Gomez Guardo, Cristian"]
[Black "Castro, Lennin David"]
[Result "1-0"]
[WhiteElo "1862"]
[BlackElo "2016"]
[PlyCount "127"]
[EventDate "2014.10.30"]
[EventType "swiss"]
[EventRounds "9"]
[EventCountry "COL"]
[SourceTitle "EXT 2015"]
[Source "ChessBase"]
[SourceDate "2014.11.20"]
[SourceVersion "1"]
[SourceVersionDate "2014.11.20"]
[SourceQuality "1"]

1. c4 e5 2. Nc3 Nf6 3. g3 d5 4. cxd5 Nxd5 5. Bg2 Nb6 6. Nf3 Nc6 7. d3 Be7 8. 0-0 0-0 9. b3 Re8 10. Bb2 Bf8 11. Rc1 Nd4 12. Ne4 c6 13. Ned2 Bg4 14. h3 Bf5 15. Nxd4 exd4 16. Nf3 c5 17. b4 Rc8 18. bxc5 Bxc5 19. Nh4 Be6 20. Bxb7 Rc7 21. Bg2 Bxa2 22. Nf3 Bd5 23. Nd2 Bxg2 24. Kxg2 Qd5+ 25. Kg1 Rec8 26. Nf3 Qd7 27. Qd2 Na4 28. Rc4 Nxb2 29. Qxb2 Bb6 30. Rxc7 Rxc7 31. Kg2 h6 32. Rc1 Rxc1 33. Qxc1 Qd5 34. Kh2 Ba5 35. Qb2 Bb6 36. Nd2 Qa5 37. Nc4 Qc3 38. Qb5 Qe1 39. Qe8+ Kh7 40. Kg2 f6 41. h4 Qb4 42. h5 Bc5 43. g4 a5 44. Qe4+ Kg8 45. Qa8+ Kf7 46. Qxa5 Qb7+ 47. f3 Qd5 48. Qc7+ Be7 49. Nb6 Qe6 50. Qc4 f5 51. gxf5 Qxc4 52. dxc4 Kf6 53. Nd5+ Kf7 54. f4 Bc5 55. Kf3 Ke8 56. Nc7+ Ke7 57. Ne6 Bb6 58. Ke4 Kf6 59. Nxd4 Bxd4 60. Kxd4 Kxf5 61. Kd5 g5 62. fxg5 hxg5 63. c5 g4 64. c6 1-0

[Event "Bogota Superate Intercol Adv B"]
[Site "Bogota"]
[Date "2014.10.28"]
[Round "2.1"]
[White "Gomez Guardo, Cristian"]
[Black "Ruiz Castillo, Joshua Daniel"]
[Result "0-1"]
[WhiteElo "1815"]
[BlackElo "2389"]
[PlyCount "70"]
[EventDate "2014.10.28"]
[EventType "swiss (blitz)"]
[EventRounds "8"]
[EventCountry "COL"]
[SourceTitle "EXT 2024"]
[Source "ChessBase"]
[SourceDate "2023.10.10"]
[SourceVersion "1"]
[SourceVersionDate "2023.10.10"]
[SourceQuality "1"]

1. d4 Nf6 2. c4 e6 3. Nc3 Bb4 4. Bd2 0-0 5. g3 c5 6. dxc5 Bxc5 7. Bg2 Nc6 8. Nf3 b6 9. 0-0 Bb7 10. a3 Be7 11. Rc1 Rc8 12. Ne5 Nxe5 13. Bxb7 Rxc4 14. Ba6 Rc7 15. Bf4 d6 16. Bxe5 dxe5 17. Bd3 Nd5 18. Nb5 Rd7 19. Qa4 a5 20. Qe4 g6 21. Bc4 Bf6 22. Rfd1 Bg7 23. Rd3 f5 24. Qg2 e4 25. Rd2 e3 26. fxe3 Bh6 27. Bxd5 Bxe3+ 28. Kh1 exd5 29. Rcd1 Bxd2 30. Rxd2 Re8 31. Nd4 Re4 32. b3 Rc7 33. h3 Qf6 34. Nb5 Rc1+ 35. Kh2 Qe5 0-1

[Event "Bogota Superate Intercol Adv B"]
[Site "Bogota"]
[Date "2014.10.28"]
[Round "5.9"]
[White "Gomez Guardo, Cristian"]
[Black "Walteros, Juan Diego"]
[Result "1/2-1/2"]
[WhiteElo "1815"]
[BlackElo "1725"]
[PlyCount "120"]
[EventDate "2014.10.28"]
[EventType "swiss (blitz)"]
[EventRounds "8"]
[EventCountry "COL"]
[SourceTitle "EXT 2024"]
[Source "ChessBase"]
[SourceDate "2023.10.10"]
[SourceVersion "1"]
[SourceVersionDate "2023.10.10"]
[SourceQuality "1"]

1. d4 d5 2. c4 c6 3. Nc3 e6 4. cxd5 exd5 5. g3 Nf6 6. Bg2 Nbd7 7. Nf3 Bb4 8. 0-0 0-0 9. Rb1 b6 10. a3 Bd6 11. Qc2 h6 12. b4 Bb7 13. a4 Rc8 14. Bd2 c5 15. bxc5 Be7 16. Qb3 Ba8 17. cxb6 Nxb6 18. Ne5 Nc4 19. Nxc4 Rxc4 20. e3 Rb4 21. Qc2 Rc4 22. Qa2 Bc6 23. Rfc1 Qa5 24. Nxd5 Rxc1+ 25. Rxc1 Bxd5 26. Qc2 Qd8 27. Bxd5 Qxd5 28. Qc7 Ba3 29. Rc2 Qb3 30. Qc4 Qxc4 31. Rxc4 Rb8 32. Rc7 a6 33. Ra7 Rb6 34. Ba5 Rc6 35. Bd8 Ne4 36. a5 Bb4 37. Bb6 g6 38. Ra8+ Kg7 39. Rxa6 Rc1+ 40. Kg2 Rc2 41. Kf3 Nxf2 42. d5 Nh3 43. Bd4+ Kh7 44. d6 Ng5+ 45. Kg4 f5+ 46. Kf4 Rf2+ 47. Ke5 Nf7+ 48. Ke6 Nxd6 49. Rxd6 Bxd6 50. Kxd6 Ra2 51. Bb6 g5 52. Ke5 Kg6 53. e4 fxe4 54. Kxe4 h5 55. h4 gxh4 56. gxh4 Kf6 57. Kd5 Kf5 58. Kc6 Kg4 59. Bd8 Rxa5 60. Bxa5 Kxh4 1/2-1/2

[Event "Bogota Superate Intercol Adv-B"]
[Site "Bogota"]
[Date "2014.10.27"]
[Round "5.1"]
[White "Olarte Parra, Jhoan Sebastian"]
[Black "Gomez Guardo, Cristian"]
[Result "1/2-1/2"]
[WhiteElo "1978"]
[BlackElo "1862"]
[PlyCount "20"]
[EventDate "2014.10.25"]
[EventType "swiss (rapid)"]
[EventRounds "6"]
[EventCountry "COL"]
[SourceTitle "EXT 2024"]
[Source "ChessBase"]
[SourceDate "2023.10.10"]
[SourceVersion "1"]
[SourceVersionDate "2023.10.10"]
[SourceQuality "1"]

1. e4 c5 2. Nf3 d6 3. c4 Nf6 4. Nc3 g6 5. d4 cxd4 6. Nxd4 Bg7 7. Be2 Nc6 8. Be3 Bd7 9. Rc1 Rc8 10. 0-0 0-0 1/2-1/2

[Event "Bogota Superate Intercol Adv-B"]
[Site "Bogota"]
[Date "2014.10.26"]
[Round "3.6"]
[White "Gomez Guardo, Cristian"]
[Black "Ardila Perez, Pedro Ferney"]
[Result "1-0"]
[WhiteElo "1807"]
[BlackElo "1628"]
[PlyCount "69"]
[EventDate "2014.10.25"]
[EventType "swiss (rapid)"]
[EventRounds "6"]
[EventCountry "COL"]
[SourceTitle "EXT 2024"]
[Source "ChessBase"]
[SourceDate "2023.10.10"]
[SourceVersion "1"]
[SourceVersionDate "2023.10.10"]
[SourceQuality "1"]

1. c4 c5 2. Nc3 Nc6 3. Nf3 Nf6 4. g3 g6 5. Bg2 Bg7 6. 0-0 0-0 7. d3 d6 8. Rb1 Bd7 9. a3 Rb8 10. Bd2 Qc8 11. b4 cxb4 12. axb4 Bh3 13. b5 Bxg2 14. Kxg2 Nd8 15. Ng5 Ne6 16. Nxe6 Qxe6 17. e4 Nd7 18. Nd5 Nf6 19. Ne3 a6 20. f3 axb5 21. Rxb5 Qd7 22. Qb3 Ne8 23. Rb1 e6 24. Rxb7 Rxb7 25. Qxb7 Qa4 26. Qb3 Qa7 27. Nc2 Nc7 28. Be3 Qa5 29. Qa3 Qxa3 30. Nxa3 Ra8 31. Nb5 Nxb5 32. Rxb5 Ra2+ 33. Kh3 Ra3 34. Rb8+ Bf8 35. Bh6 1-0

[Event "COL-chT"]
[Site "Villavicencio"]
[Date "2014.08.17"]
[Round "4.3"]
[White "Gomez Guardo, Cristian"]
[Black "Valle, Efrain"]
[Result "0-1"]
[WhiteElo "1844"]
[BlackElo "2225"]
[PlyCount "54"]
[EventDate "2014.08.15"]
[EventType "team-swiss"]
[EventRounds "6"]
[EventCountry "COL"]
[SourceTitle "EXT 2015"]
[Source "ChessBase"]
[SourceDate "2014.11.20"]
[SourceVersion "1"]
[SourceVersionDate "2014.11.20"]
[SourceQuality "1"]
[WhiteTeam "Bolivar"]
[BlackTeam "Bogota"]
[WhiteTeamCountry "COL"]
[BlackTeamCountry "COL"]

1. c4 Nc6 2. Nc3 e5 3. g3 Nf6 4. Bg2 Bc5 5. e3 0-0 6. Nge2 d6 7. a3 Bg4 8. 0-0 Qc8 9. f3 Bh3 10. d4 Bb6 11. b4 Bxg2 12. Kxg2 a5 13. b5 Ne7 14. Na4 Ba7 15. Bd2 exd4 16. exd4 Nf5 17. c5 Nd5 18. Qc1 Qe8 19. Re1 Qxb5 20. Nac3 Nxc3 21. Nxc3 Qd3 22. cxd6 cxd6 23. Ne4 Bxd4 24. Rb1 d5 25. Nf2 Bxf2 26. Kxf2 Rac8 27. Qd1 Rc2 0-1

[Event "COL-ch U16"]
[Site "Bogota"]
[Date "2014.05.30"]
[Round "3"]
[White "Jimenez, Leonardo Andres"]
[Black "Gomez Guardo, Cristian"]
[Result "1-0"]
[WhiteElo "1878"]
[BlackElo "1812"]
[PlyCount "40"]
[EventDate "2014.05.29"]
[EventType "swiss"]
[EventRounds "7"]
[EventCountry "COL"]
[SourceTitle "CBM 160 Extra"]
[Source "ChessBase"]
[SourceDate "2014.07.01"]
[SourceVersion "1"]
[SourceVersionDate "2014.07.01"]
[SourceQuality "1"]

1. e4 c5 2. Nf3 d6 3. d4 cxd4 4. Nxd4 Nf6 5. Nc3 a6 6. Bc4 Nbd7 7. Bb3 e6 8. 0-0 Be7 9. Bxe6 fxe6 10. Nxe6 Qb6 11. Nxg7+ Kf7 12. Nf5 Ne5 13. Nxe7 Kxe7 14. Bg5 Be6 15. Kh1 Rhg8 16. f4 Neg4 17. Qxg4 Qxb2 18. Qf3 Kf7 19. e5 Nd7 20. Qh5+ Kf8 1-0

[Event "COL-ch U16"]
[Site "Bogota"]
[Date "2014.05.29"]
[Round "1"]
[White "Gonzalez, Andres Felipe"]
[Black "Gomez Guardo, Cristian"]
[Result "0-1"]
[WhiteElo "2011"]
[BlackElo "1812"]
[PlyCount "68"]
[EventDate "2014.05.29"]
[EventType "swiss"]
[EventRounds "7"]
[EventCountry "COL"]
[SourceTitle "CBM 160 Extra"]
[Source "ChessBase"]
[SourceDate "2014.07.01"]
[SourceVersion "1"]
[SourceVersionDate "2014.07.01"]
[SourceQuality "1"]

1. e4 c5 2. Nf3 d6 3. d4 cxd4 4. Qxd4 Nc6 5. Bb5 Bd7 6. Bxc6 Bxc6 7. Nc3 h6 8. Be3 Nf6 9. h3 e5 10. Qd3 Be7 11. 0-0-0 Qd7 12. Nd2 b5 13. f3 Qb7 14. Bf2 a5 15. Nf1 b4 16. Nd5 Nxd5 17. exd5 Bb5 18. Qe4 0-0 19. g4 Bd7 20. Ng3 Bh4 21. Qe1 Bxg3 22. Bxg3 f5 23. f4 e4 24. gxf5 Bxf5 25. Qe3 Rac8 26. Bf2 Rc5 27. Rd2 Rfc8 28. Kb1 a4 29. Rc1 a3 30. b3 Qc7 31. Qe2 Rc3 32. Be3 Rxb3+ 33. axb3 Qc3 34. Bd4 a2+ 0-1

[Event "North Region-ch U16"]
[Site "Cartagena"]
[Date "2014.05.10"]
[Round "4.1"]
[White "Gomez Guardo, Cristian"]
[Black "Pena Bermudez, Juan Camilo"]
[Result "1-0"]
[WhiteElo "1812"]
[BlackElo "1842"]
[PlyCount "81"]
[EventDate "2014.05.08"]
[EventType "swiss"]
[EventRounds "5"]
[EventCountry "COL"]
[SourceTitle "EXT 2024"]
[Source "ChessBase"]
[SourceDate "2023.10.10"]
[SourceVersion "1"]
[SourceVersionDate "2023.10.10"]
[SourceQuality "1"]

1. c4 Nf6 2. Nc3 c5 3. g3 Nc6 4. Bg2 e6 5. Nf3 Be7 6. 0-0 0-0 7. e3 d5 8. cxd5 exd5 9. d4 Bf5 10. Nh4 Be6 11. Nf3 Rc8 12. dxc5 Bxc5 13. Ng5 a6 14. Nxe6 fxe6 15. a3 Ba7 16. Ne2 e5 17. b4 Qd7 18. Qb3 Kh8 19. Rd1 d4 20. Bb2 Ng4 21. f3 Nf6 22. Rd3 Rfd8 23. Rad1 Qc7 24. Bh3 Ra8 25. exd4 Nxd4 26. Nxd4 Bxd4+ 27. Bxd4 Rxd4 28. Rxd4 exd4 29. Rxd4 Qb6 30. Qe3 a5 31. Rd3 Qxe3+ 32. Rxe3 axb4 33. axb4 Ra1+ 34. Kf2 Rb1 35. Rc3 Rb2+ 36. Kg1 Rb1+ 37. Bf1 Kg8 38. b5 Nd5 39. Rd3 Nf6 40. Rd8+ Kf7 41. Rb8 1-0

[Event "North Region-ch U16"]
[Site "Cartagena"]
[Date "2014.05.09"]
[Round "3.1"]
[White "Mercado Pena, Jorge Esteban"]
[Black "Gomez Guardo, Cristian"]
[Result "1/2-1/2"]
[WhiteElo "1677"]
[BlackElo "1812"]
[PlyCount "70"]
[EventDate "2014.05.08"]
[EventType "swiss"]
[EventRounds "5"]
[EventCountry "COL"]
[SourceTitle "EXT 2024"]
[Source "ChessBase"]
[SourceDate "2023.10.10"]
[SourceVersion "1"]
[SourceVersionDate "2023.10.10"]
[SourceQuality "1"]

1. e4 c5 2. Nf3 Nc6 3. d4 cxd4 4. Nxd4 Nf6 5. Nc3 d6 6. Bc4 Bd7 7. Bb3 g6 8. f3 Bg7 9. Be3 h5 10. Qd2 Ne5 11. 0-0-0 a6 12. h3 Rc8 13. g4 b5 14. Nd5 Nxd5 15. exd5 a5 16. f4 a4 17. fxe5 dxe5 18. Ne6 Bxe6 19. dxe6 Qxd2+ 20. Bxd2 axb3 21. exf7+ Kxf7 22. axb3 Rc7 23. Rhf1+ Ke6 24. Rf3 hxg4 25. hxg4 Ra7 26. c3 Rh2 27. g5 Ra1+ 28. Kc2 Rxd1 29. Kxd1 Rh1+ 30. Kc2 e4 31. Rf4 Kd5 32. Rf7 Be5 33. Rxe7 Rh2 34. Kc1 Rh1+ 35. Kc2 Rh2 1/2-1/2

[Event "Bogota IRT Categoria B U17"]
[Site "Bogota"]
[Date "2013.10.23"]
[Round "3.3"]
[White "Munoz Romero, Cristian Camilo"]
[Black "Gomez Guardo, Cristian"]
[Result "0-1"]
[WhiteElo "1992"]
[BlackElo "1781"]
[PlyCount "110"]
[EventDate "2013.10.22"]
[EventType "swiss"]
[EventRounds "5"]
[EventCountry "COL"]
[SourceTitle "EXT 2024"]
[Source "ChessBase"]
[SourceDate "2023.10.10"]
[SourceVersion "1"]
[SourceVersionDate "2023.10.10"]
[SourceQuality "1"]

1. d4 Nf6 2. Nf3 d5 3. Bg5 e6 4. e3 c5 5. c3 Nc6 6. Nbd2 h6 7. Bh4 cxd4 8. exd4 Be7 9. Bd3 Bd7 10. 0-0 0-0 11. Re1 Nh5 12. Bxe7 Qxe7 13. Nb3 b6 14. Bb5 f6 15. Nh4 Qf7 16. Bd3 Nf4 17. Bc2 g5 18. Re3 e5 19. Nf5 Qh7 20. Ng3 e4 21. f3 f5 22. fxe4 fxe4 23. c4 Qf7 24. cxd5 Nxd5 25. Rxe4 Qf2+ 26. Kh1 Ne3 27. Rxe3 Qxe3 28. Qh5 Qe7 29. Qxh6 Qg7 30. Qd6 Rf6 31. Qd5+ Rf7 32. Nf5 Bxf5 33. Bxf5 Rd8 34. Qc4 Nxd4 35. Nxd4 Rxd4 36. Qc8+ Rf8 37. Be6+ Kh8 38. Qc3 Rfd8 39. Qf3 Qh6 40. Bg4 Rf8 41. Qc3 Qf6 42. h3 Rf4 43. Qxf6+ R8xf6 44. Bf3 Rd6 45. a3 a5 46. Re1 Rd2 47. a4 Rxa4 48. Re5 Rxb2 49. Rxg5 Rf4 50. Bc6 a4 51. Kh2 a3 52. Bd5 a2 53. Rg8+ Kh7 54. Ra8 Rff2 55. Kg3 Rfd2 0-1

[Event "COL-ch U16"]
[Site "Villavicencio"]
[Date "2013.06.15"]
[Round "5"]
[White "Gomez Guardo, Cristian"]
[Black "Castro, Jairo Antonio"]
[Result "0-1"]
[WhiteElo "1774"]
[BlackElo "1916"]
[PlyCount "66"]
[EventDate "2013.06.13"]
[EventType "swiss"]
[EventRounds "7"]
[EventCountry "COL"]
[SourceTitle "EXT 2018"]
[Source "ChessBase"]
[SourceDate "2017.10.13"]
[SourceVersion "1"]
[SourceVersionDate "2017.10.13"]
[SourceQuality "1"]

1. c4 c6 2. Nc3 Nf6 3. d4 d5 4. cxd5 cxd5 5. g3 Bf5 6. Qb3 Nc6 7. Nf3 Qd7 8. Ne5 Nxe5 9. dxe5 d4 10. exf6 dxc3 11. Bg2 c2 12. 0-0 exf6 13. Qxb7 Rc8 14. Qxd7+ Kxd7 15. e4 Be6 16. Be3 Bc5 17. Bxc5 Rxc5 18. b3 Kc7 19. Rfc1 Rd8 20. Kf1 Kb6 21. Ke1 Ka5 22. f3 Kb4 23. Bf1 Kc3 24. g4 Rd2 25. Be2 a5 26. h3 g5 27. Kf1 Bd7 28. a4 Be6 29. Ke1 Bxb3 30. Ra3 Rd4 31. Bb5 Kb2 32. Raa1 Rc3 33. Be2 Bxa4 0-1